Kukúsim : (Registro nro. 28166)
[ vista simple ]
| 000 -CABECERA | |
|---|---|
| campo de control de longitud fija | 00592nam a2200169 a 4500 |
| 001 - NÚMERO DE CONTROL | |
| campo de control | 000028674 |
| 005 - FECHA Y HORA DE LA ÚLTIMA TRANSACCIÓN | |
| campo de control | 20200930055054.0 |
| 008 - DATOS DE LONGITUD FIJA--INFORMACIÓN GENERAL | |
| campo de control de longitud fija | 110411s1994 sp a 000 0 spa d |
| 020 ## - NÚMERO INTERNACIONAL ESTÁNDAR DEL LIBRO | |
| Número Internacional Estándar del Libro | 8476512031 |
| 040 ## - FUENTE DE LA CATALOGACIÓN | |
| Centro catalogador/agencia de origen | DO-SdBNP |
| Lengua de catalogación | spa |
| Centro/agencia transcriptor | BNPHU |
| 100 1# - ENTRADA PRINCIPAL--NOMBRE DE PERSONA | |
| Nombre de persona | Curtis, Edward S. |
| Fechas asociadas al nombre | (1868-1952) |
| 9 (RLIN) | 55650 |
| 245 10 - MENCIÓN DE TÍTULO | |
| Título | Kukúsim : |
| Resto del título | vida e iniciación de un joven indio / |
| Mención de responsabilidad, etc. | Edward S. Curtis ; traductor de Carlos Polit. |
| 260 ## - PUBLICACIÓN, DISTRIBUCIÓN, ETC. | |
| Lugar de publicación, distribución, etc. | España : |
| Nombre del editor, distribuidor, etc. | Hesperus, |
| Fecha de publicación, distribución, etc. | 1994. |
| 300 ## - DESCRIPCIÓN FÍSICA | |
| Extensión | 194 p. : |
| Otras características físicas | il., laminas ; |
| Dimensiones | 22 cm. |
| 500 ## - NOTA GENERAL | |
| Nota general | Incluye datos biográficos del autor en la solapa |
| 700 1# - PUNTO DE ACCESO ADICIONAL--NOMBRE DE PERSONA | |
| Nombre de persona | Polit, Carlos |
| Término indicativo de función/relación | tr. |
| 9 (RLIN) | 55651 |
| Estado de retiro | Estado de pérdida | Restricciones de uso | No para préstamo | Código de colección | Localización permanente | Ubicación/localización actual | Ubicación en estantería | Fecha de adquisición | Número de inventario | Total de préstamos | Signatura topográfica completa | Código de barras | Fecha visto por última vez | Precio válido a partir de | Tipo de ítem Koha |
|---|---|---|---|---|---|---|---|---|---|---|---|---|---|---|---|
| Monografías: Libros y Folletos | General | General | Orden iniciada | 11.04.2011 | LF1 | 28674-10 | 25.06.2020 | 25.06.2020 | No se presta |
